| 000 -LEADER |
| fixed length control field |
02142cam a2200301 i 4500 |
| 003 - CONTROL NUMBER IDENTIFIER |
| control field |
OSt |
| 005 - DATE AND TIME OF LATEST TRANSACTION |
| control field |
20200317105356.0 |
| 008 - FIXED-LENGTH DATA ELEMENTS--GENERAL INFORMATION |
| fixed length control field |
140228s2015 nyuab 000 0 eng |
| 020 ## - INTERNATIONAL STANDARD BOOK NUMBER |
| International Standard Book Number |
9781616891336 (paperback) |
| 082 00 - DEWEY DECIMAL CLASSIFICATION NUMBER |
| Classification number |
712.50974886 |
| Edition number |
23 |
| Item number |
BIR |
| 100 1# - MAIN ENTRY--PERSONAL NAME |
| Personal name |
Rademacher, Susan M., |
| Dates associated with a name |
1954- |
| 245 10 - TITLE STATEMENT |
| Title |
Mellon Square : |
| Remainder of title |
discovering a modern masterpiece / |
| Statement of responsibility, etc |
Susan M. Rademacher ; with essays by Charles A. Birnbaum, Patricia M. O'Donnell, Richard C. Bell, and Barry W. Starke. |
| 250 ## - EDITION STATEMENT |
| Edition statement |
First edition. |
| 300 ## - PHYSICAL DESCRIPTION |
| Extent |
160 pages : |
| Other physical details |
illustrations, maps ; |
| Dimensions |
23 cm. |
| 490 0# - SERIES STATEMENT |
| Series statement |
Modern landscapes : transitions and transformations |
| 505 0# - FORMATTED CONTENTS NOTE |
| Formatted contents note |
Polishing the Jewel / by Charles A Birnbaum -- An Ascendant Urban Space Restored / by Patricia M. O'Donnell -- Telling the Story of a Master Work / by Susan M. Rademacher -- The Simonds Way / by Richard C. Bell -- Designing Experiences -- The Genesis of Mellon Square : Design for a New Era -- Concepts and Ideas for Mellon Square, 1949-1955 -- Elevating the Square : Platform, Trees, and Water -- Lifecycles -- The Future of Mellon Square -- John Simonds : Philosopher, Author, Educator / by Barry W. Starke -- Notes -- Appendix : Plant Lists: 1955, 1989, 2013. |
| 520 ## - SUMMARY, ETC. |
| Summary, etc |
"The next book in the Modern Landscapes series discusses the evolution of Pittsburgh's Mellon Square. The first modern garden plaza built over a parking garage and a forerunner of green roofs, Mellon Square was originally designed by the acclaimed landscape design firm Simonds & Simonds and architects Mitchell & Ritchey. It is now undergoing a restoration by Patricia O'Donnell of Heritage Landscapes"-- |
| 610 20 - SUBJECT ADDED ENTRY--CORPORATE NAME |
| Corporate name or jurisdiction name as entry element |
Simonds and Simonds. |
| 610 20 - SUBJECT ADDED ENTRY--CORPORATE NAME |
| Corporate name or jurisdiction name as entry element |
Mitchell & Ritchey. |
| 650 #0 - SUBJECT ADDED ENTRY--TOPICAL TERM |
| Topical term or geographic name as entry element |
City planning |
| Geographic subdivision |
Pennsylvania |
| -- |
Pittsburgh. |
| 650 #7 - SUBJECT ADDED ENTRY--TOPICAL TERM |
| Topical term or geographic name as entry element |
ARCHITECTURE / Landscape. |
| Source of heading or term |
bisacsh |
| 650 #7 - SUBJECT ADDED ENTRY--TOPICAL TERM |
| Topical term or geographic name as entry element |
ARCHITECTURE / Urban & Land Use Planning. |
| Source of heading or term |
bisacsh |
| 650 #7 - SUBJECT ADDED ENTRY--TOPICAL TERM |
| Topical term or geographic name as entry element |
ARCHITECTURE / Methods & Materials. |
| Source of heading or term |
bisacsh |
| 651 #0 - SUBJECT ADDED ENTRY--GEOGRAPHIC NAME |
| Geographic name |
Mellon Square (Pittsburgh, Pa.) |
| 651 #0 - SUBJECT ADDED ENTRY--GEOGRAPHIC NAME |
| Geographic name |
Pittsburgh (Pa.) |
| General subdivision |
Buildings, structures, etc. |
| 700 1# - ADDED ENTRY--PERSONAL NAME |
| Personal name |
Birnbaum, Charles A., |
| Relator term |
writer of supplementary textual content. |
| 942 ## - ADDED ENTRY ELEMENTS (KOHA) |
| Source of classification or shelving scheme |
|